Some comparative anatomical studies of the abdominal wall in carnivores (Dog), small ruminants (Goat) and equines (Donkey) / (رقم التسجيلة. 177884)

تفاصيل مارك
000 -LEADER
fixed length control field 01528namaa22003131i 4500
005 - أخر تعامل مع التسجيلة
control field 20260302123519.0
008 - FIXED-LENGTH DATA ELEMENTS--GENERAL INFORMATION
fixed length control field 260120s1995 ua a|||frm||| 000 0 eng d
040 ## - CATALOGING SOURCE
Original cataloguing agency EG-GICUC
Language of cataloging eng
Transcribing agency EG-GICUC
Modifying agency EG-GICUC
Description conventions rda
041 0# - LANGUAGE CODE
Language code of text/sound track or separate title eng
Language code of summary or abstract eng
-- ara
049 ## - Acquisition Source
Acquisition Source Deposit
097 ## - Degree
Degree Ph.D
099 ## - LOCAL FREE-TEXT CALL NUMBER (OCLC)
Local Call Number Cai01.16.01.Ph.D.1995.Ze.S
100 0# - MAIN ENTRY--PERSONAL NAME
Authority record control number or standard number Zeinab Mohamed Saleh Abd El-Moien,
Preparation preparation.
245 10 - TITLE STATEMENT
Title Some comparative anatomical studies of the abdominal wall in carnivores (Dog), small ruminants (Goat) and equines (Donkey) /
Statement of responsibility, etc. By Zeinab Mohamed Saleh Abd El-Moien; Supervision Prof. Dr. M.S. El-Din M. Moustafa, Dr. M. R. A. Gad
246 15 - VARYING FORM OF TITLE
Title proper/short title بعض الدراسات التشريحية المقارنة علي جدار البطن في اللاحمات (الكلاب) المجترات الصغيرة (الماعز) والفصيلة الخيلية (الحمير)
264 #0 - PRODUCTION, PUBLICATION, DISTRIBUTION, MANUFACTURE, AND COPYRIGHT NOTICE
Date of production, publication, distribution, manufacture, or copyright notice 1995.
300 ## - PHYSICAL DESCRIPTION
Extent 218 Leaves :
Other physical details illustrations
Dimensions 30 cm. +
336 ## - CONTENT TYPE
Source rda content
Content type term text
337 ## - MEDIA TYPE
Source rdamedia
Media type term Unmediated
338 ## - CARRIER TYPE
Source rdacarrier
Carrier type term volume
502 ## - DISSERTATION NOTE
Dissertation note Thesis (Ph.D.)-Cairo University, 1995.
504 ## - BIBLIOGRAPHY, ETC. NOTE
Bibliography, etc. note Bibliography: pages 204-218
653 #0 - INDEX TERM--UNCONTROLLED
Uncontrolled term abdominal wall in carnivores (Dog)equines (Donkey)
-- small ruminants (Goat)
700 0# - ADDED ENTRY--PERSONAL NAME
Personal name M.S. El-Din M. Moustafa
Relator term thesis advisor.
700 0# - ADDED ENTRY--PERSONAL NAME
Personal name M. R. A. Gad
Relator term thesis advisor.
900 ## - Thesis Information
Department Department of Anatomy
Faculties Faculty of Veterinary Medicine
Universities Cairo University
Grant date 1995
Supervisory body M.S. El-Din M. Moustafa
-- M. R. A. Gad
905 ## - Cataloger and Reviser Names
Cataloger Name Nehad
Reviser Names Nourhan
942 ## - ADDED ENTRY ELEMENTS (KOHA)
Source of classification or shelving scheme Dewey Decimal Classification
Koha item type Thesis
Edition 21
Suppress in OPAC No
المقتنيات
Source of classification or shelving scheme Home library Current library Date acquired Inventory number Full call number Barcode Date last seen Effective from Koha item type
Dewey Decimal Classification المكتبة المركزبة الجديدة - جامعة القاهرة مكتبة المئوية 20.01.2026 27332 Cai01.16.01.Ph.D.1995.Ze.S 01010110027332000 20.01.2026 20.01.2026 Thesis
Cairo University Libraries Portal Implemented & Customized by: Eng. M. Mohamady Contacts: new-lib@cl.cu.edu.eg | cnul@cl.cu.edu.eg
CUCL logo CNUL logo
© All rights reserved — Cairo University Libraries
CUCL logo
Implemented & Customized by: Eng. M. Mohamady Contact: new-lib@cl.cu.edu.eg © All rights reserved — New Central Library
CNUL logo
Implemented & Customized by: Eng. M. Mohamady Contact: cnul@cl.cu.edu.eg © All rights reserved — Cairo National University Library